Самоучитель по бухгалтерскому и налоговому учету и отчетности

Podrobná bibliografie
Hlavní autor: Беликова Т. Н. Тамара Николаевна
Shrnutí:Книга позволяет самостоятельно изучить вопросы учета и отчетности, научиться выбирать наиболее экономичный налоговый режим, готовить документы для регистрации организации, грамотно поставить бухгалтерский учет и обеспечивать своевременную отчетность. Рассмотрены все виды учета и отчетности: традиционный налоговый режим, упрощенная система налогообложения (УСН), единый налог на вмененный доход (ЕНВД). Подробно проанализированы проблемы малых предприятий. Примеры, которыми изобилует книга, разработаны в полном объеме и отдельно по каждому налоговому режиму. Учет постепенно переходит к отчетности — это позволяет использовать самоучитель каждому читателю в зависимости от интересующего его налогового режима. Особое внимание уделено срокам сдачи отчетов: квартальных и годовых. В издании приведены новые примеры, материал полностью соответствует действующему законодательству. Предназначено для желающих самостоятельно постигнуть премудрости бухгалтерского и налогового учета и отчетности.
Jazyk:ruština
Vydáno: Санкт-Петербург, Питер, 2016
Vydání:2-е изд.
Témata:
Médium: MixedMaterials Kniha
KOHA link:https://koha.lib.tpu.ru/cgi-bin/koha/opac-detail.pl?biblionumber=304725

MARC

LEADER 00000nam0a2200000 4500
001 304725
005 20231102001729.0
010 |a 9785496013260 
035 |a (RuTPU)RU\TPU\book\329972 
035 |a RU\TPU\book\213895 
090 |a 304725 
100 |a 20110518d2016 m y0rusy50 ca 
101 0 |a rus 
102 |a RU 
105 |a y j 000zy 
200 1 |a Самоучитель по бухгалтерскому и налоговому учету и отчетности  |f Т. Н. Беликова 
205 |a 2-е изд. 
210 |a Санкт-Петербург  |c Питер  |d 2016 
215 |a 286 с. 
330 |a Книга позволяет самостоятельно изучить вопросы учета и отчетности, научиться выбирать наиболее экономичный налоговый режим, готовить документы для регистрации организации, грамотно поставить бухгалтерский учет и обеспечивать своевременную отчетность. Рассмотрены все виды учета и отчетности: традиционный налоговый режим, упрощенная система налогообложения (УСН), единый налог на вмененный доход (ЕНВД). Подробно проанализированы проблемы малых предприятий. Примеры, которыми изобилует книга, разработаны в полном объеме и отдельно по каждому налоговому режиму. Учет постепенно переходит к отчетности — это позволяет использовать самоучитель каждому читателю в зависимости от интересующего его налогового режима. Особое внимание уделено срокам сдачи отчетов: квартальных и годовых. В издании приведены новые примеры, материал полностью соответствует действующему законодательству. Предназначено для желающих самостоятельно постигнуть премудрости бухгалтерского и налогового учета и отчетности. 
606 1 |a Бухгалтерский учет  |2 stltpush  |3 (RuTPU)RU\TPU\subj\30744  |9 53805 
606 1 |a Финансовая отчетность  |2 stltpush  |3 (RuTPU)RU\TPU\subj\67530  |9 83288 
610 1 |a налоговый учет 
610 1 |a налоговая отчетность 
610 1 |a малые предприятия 
610 1 |a регистрация 
610 1 |a налоговые режимы 
610 1 |a учетная политика 
610 1 |a первичная документация 
610 1 |a НДС 
610 1 |a налог на добавочную стоимость 
610 1 |a бухгалтерские счета 
610 1 |a специальные налоговые режимы 
610 1 |a упрощенное налогообложение 
610 1 |a управленческий учет 
610 1 |a экономический анализ 
610 1 |a самоучители 
675 |a 657.22(075.8)  |v 3 
675 |a 657.6(075.8)  |v 3 
700 1 |a Беликова  |b Т. Н.  |g Тамара Николаевна 
801 1 |a RU  |b 63413507  |c 20150918 
801 2 |a RU  |b 63413507  |c 20151125  |g RCR 
900 |a Бухгалтерский учет 
900 |a Бухгалтерская финансовая отчетность 
900 |a Налоги и налогообложение 
942 |c BK 
959 |a 119/20150918  |d 1  |e 308,00  |f ЧЗГЛ:1